Άλγεβρας : τα του Α' και του Β' βαθμού
Saved in:
| Main Author: | |
|---|---|
| Format: | Book |
| Language: | Greek |
| Published: |
Αθήνησιν :
Τύποις Φ. Καραμπίνη και Κ. Βαφά,
1851.
|
| Series: | Σειρά στοιχειωδών μαθηματικών ;
5 |
| Subjects: | |
| Tags: |
Add Tag
No Tags, Be the first to tag this record!
|
MARC
| LEADER | 00000cam a2200000 i 4500 | ||
|---|---|---|---|
| 001 | 1/62607 | ||
| 008 | 141223s1851 gr | ||| |||| ||gre|| | ||
| 035 | |l 10120265 | ||
| 040 | |a GR-MyUA |b gre |e AACR2 | ||
| 041 | 0 | |a gre | |
| 082 | 0 | |a 512.007 |2 (23) | |
| 100 | 1 | |a Βάφας, Χ. | |
| 245 | 1 | 0 | |a Άλγεβρας : |b τα του Α' και του Β' βαθμού / |c Χ. Βαφά. |
| 260 | |a Αθήνησιν : |b Τύποις Φ. Καραμπίνη και Κ. Βαφά, |c 1851. | ||
| 300 | |a 213 σ. ; |c 21 εκ. | ||
| 490 | 1 | |a (Σειρά στοιχειωδών μαθηματικών |v ; 5) | |
| 500 | |a Στο verso "Πορφυριάς Αστική Σχολή Καρλοβασίων" αρ. 725 | ||
| 500 | |a Διασκευασμένα εκδόδονται τό δεύτερον. Δαπάνη των τυπογράφων -- σ.τ. | ||
| 505 | 0 | |a Είναι συσταχωμένο με το βιβλίο: Πρακτική αριθμητική,υπό Χ. Βάφα.-- Έν Αθήναις, Εκ της Τυπογραφίας Ανδρέου Κορομηλά, 1851. | |
| 650 | 0 | 0 | |a Algebra |x Study and teaching (Secondary) |z Greece. |
| 830 | 0 | |a Σειρά στοιχειωδών μαθηματικών ; |v 5 | |
| 852 | |a INST |b SAMOS |c PORFYRIADA |e 20141223 |h 512.007 ΒΑΦ |p 005300041056 |q 005300041056 |t NOLOAN |y 23 | ||
| 901 | |a BIBL3-2014-3 | ||
| 909 | |a Σ |b 185660 | ||
| 970 | |a ΣΙΤΖΙΜΗ |b ΓΙΑΣΕΜΗ |z 2014/12/23 | ||